00746nam a2200253 i 4500001001000000003000900010005001700019007000300036008004100039040003000080041000800110082002700118100004100145245004800186250002200234260001000256264004900266300004500315336002700360337003300387338002800420650002000448650002400468000008551DO-SdBNP20260212092245.0ta260212s1991 dr a 000 0 spa d aDO-SdBNPbspacBNPHUerda aspa a843.7bD886d, 19912221 aDumas, Alejandro,c(hijo)d1824-189513aLa dama de las camelias /cAlejandro Dumas. aSegunda edición c1998. aSanto Domingo :bEditora Alfa y Omega,c1991 a169 páginas :bilustraciones ;c21 cm. ardacontentbtexto2txt ardamediabsin mediación2n ardacarrierbvolumen2nc 4aNovela francesa 4aLiteratura francesa